| 000 | 00334nam a2200121Ia 4500 | ||
|---|---|---|---|
| 008 | 210430s9999 xx 000 0 und d | ||
| 082 | _a823 D5491 T | ||
| 100 |
_aCharles Dickens _927171 |
||
| 245 | 2 |
_aA Tale of Two Cities _cCharles Dickens |
|
| 260 |
_aIslamabad _bNational Book Foundation _c2010 |
||
| 300 | _a367p | ||
| 942 |
_cBK _2ddc |
||
| 999 |
_c562228 _d562228 |
||